MGM cartoon christmas [

Bibliographic Details
Format: Book
Published: s.l. : MGM/UA Home Video , 19_.
Subjects:

MARC

LEADER 00000cam a2200000 7i4500
001 0000000308
002 000000383
005 20021010.0
020 |a 000000383 
090 0 0 |a JF   |b MGM 
245 0 0 |a MGM cartoon christmas [  |h video recording] 
260 |a s.l. :   |b MGM/UA Home Video ,   |c 19_. 
300 |a 1 Video recording VHS (35:00 minutes) :   |b col.(PAL) 
500 |a Library has 1 copy 
650 0 0 |a Cartoon and carricatures 
999 |a PV0231   |b VIDEO   |c JUNIOR REFERENCE   |e PERPUSTAKAAN KOMUNITI PETALING JAYA